000 00547nam a2200145Ia 4500
008 100204s9999 xx 000 0 und d
082 _b1320
100 _aरांगणेकर कुमुदिनी
245 _aकंन्या सासुऱ्यासी जाये !
260 _bनेत्रा प्रकाशन
_c1977
300 _a141
630 _aकंन्या सासुऱ्यासी जाये !
730 _aकंन्या सासुऱ्यासी जाये !
942 _cBOOK
999 _c446486
_d446483